Statistiques concernant Pays du Monde, par ordre alphabétique (Yellow box)

Cliquez ici pour prendre le quiz!

Statistiques générales

  • Ce quiz a été pris 1 016 fois
  • Le résultat moyen est 130 sur 196

Statistiques - réponses

Réponse% Correct
Afghanistan
97%
Albanie
90%
Afrique du Sud
86%
Allemagne
86%
Andorre
85%
Algérie
84%
Arménie
83%
Angola
82%
Antigua-et-Barbuda
82%
Australie
82%
Argentine
81%
Azerbaïdjan
81%
Autriche
80%
Bahamas
80%
Bahreïn
79%
Arabie Saoudite
78%
Belgique
78%
Bangladesh
77%
Barbade
76%
Belize
76%
Bhoutan
76%
Birmanie
76%
Biélorussie
75%
Canada
75%
Bénin
74%
Bolivie
74%
Cameroun
74%
Chine
74%
Brésil
73%
Bulgarie
73%
Cambodge
73%
Danemark
73%
Botswana
72%
Brunei
72%
Chili
72%
Corée du Nord
72%
Corée du Sud
72%
Zambie
72%
Zimbabwe
72%
Burkina Faso
71%
Burundi
71%
Chypre
71%
Colombie
71%
Comores
71%
Espagne
71%
Estonie
71%
Finlande
71%
France
71%
Bosnie-Herzégovine
70%
Cap-Vert
70%
Congo
70%
Costa Rica
70%
Croatie
70%
Erythrée
70%
Etats-Unis
70%
Dominique
69%
Gabon
69%
Guinée
69%
Guinée-Bissau
69%
Guinée Equatoriale
69%
Inde
69%
Yémen
69%
Djibouti
68%
Egypte
68%
Emirats Arabes Unis
68%
Equateur
68%
Ethiopie
68%
Fidji
68%
Gambie
68%
Guatemala
68%
Honduras
68%
Irlande
68%
Islande
68%
Jamaïque
68%
Jordanie
68%
Kazakhstan
68%
Kirghizistan
68%
Guyana
67%
Haïti
67%
Hongrie
67%
Indonésie
67%
Irak
67%
Iran
67%
Israël
67%
Japon
67%
Lettonie
67%
Vatican
67%
Venezuela
67%
Congo RDC
66%
Côte d'Ivoire
66%
Ghana
66%
Grèce
66%
Italie
66%
Kenya
66%
Kiribati
66%
Kosovo
66%
Koweït
66%
Laos
66%
Liban
66%
Liberia
66%
Liechtenstein
66%
Lituanie
66%
Mali
66%
Mauritanie
66%
Cuba
65%
Géorgie
65%
Grenade
65%
Libye
65%
Luxembourg
65%
Madagascar
65%
Maroc
65%
Monténégro
65%
Namibie
65%
Viêt Nam
65%
Macédoine
64%
Maldives
64%
Moldavie
64%
Ouganda
64%
Qatar
64%
Uruguay
64%
Vanuatu
64%
Lesotho
63%
Malaisie
63%
Malawi
63%
Maurice
63%
Monaco
63%
Mongolie
63%
Nauru
63%
Népal
63%
Niger
63%
Nigeria
63%
Oman
63%
Ouzbékistan
63%
Pakistan
63%
Palaos
63%
Paraguay
63%
Turquie
63%
Malte
62%
Mozambique
62%
Nicaragua
62%
Panama
62%
Russie
62%
Saint-Vincent-et-les Grenadines
62%
Mexique
61%
Norvège
61%
Nouvelle-Zélande
61%
Pérou
61%
Portugal
61%
Roumanie
61%
Rwanda
61%
Saint-Christophe-et-Niévès
61%
Sainte-Lucie
61%
Saint-Marin
61%
Slovénie
61%
Turkménistan
61%
Ukraine
61%
Marshall
60%
Papouasie- Nouvelle-Guinée
60%
Pologne
60%
Slovaquie
60%
Somalie
60%
Soudan
60%
Soudan du Sud
60%
Suède
60%
Suriname
60%
Tadjikistan
60%
Tunisie
60%
Tuvalu
60%
Micronésie
59%
Sri Lanka
59%
Suisse
59%
Pays-Bas
58%
Philippines
58%
République Dominicaine
58%
Salomon
58%
Serbie
58%
Taïwan
58%
Tanzanie
58%
Tonga
58%
Salvador
57%
Samoa
57%
Sao Tomé-et-Principe
57%
Seychelles
57%
Syrie
57%
Thaïlande
57%
Timor Oriental
57%
Trinité-et-Tobago
57%
République Centrafricaine
56%
Togo
56%
Sénégal
55%
Sierra Leone
55%
Singapour
55%
Tchad
55%
Royaume-Uni
54%
Tchéquie
53%
Swaziland
52%

Distribution des résultats

Percentile par nombre de réponses

% des personnes avec chaque résultat

Votre développement - résultats

Vous n’avez pas pris ce quiz